000 00337nam a2200145Ia 4500
005 20251222153622.0
008 251222s9999||||xx |||||||||||||| ||spa||
020 _a192834347
082 _a420/M32
100 _a May Alcott, Louisa
245 0 _aLittle Women
250 _a1ra .ed
264 _bOXFORD University Press
942 _cLIB
999 _c32020
_d32020